000 00357 a2200169 4500
001 188469
020 _a85-7302-696-0
040 _cMagnum
100 _aFerréz
240 1 0 _aAmanhecer esmeralda
_lpor
245 1 0 _aAmanhecer esmeralda
300 _a46
362 0 _a2005
440 1 _aObjetiva
697 _aLITERATURA INFANTO-JUVENIL
942 _cBK
999 _c188469
_d188469